Merged NHL Logos - Statistics

General Stats
  • This quiz has been taken 19,464 times
  • The average score is 14 of 16
Answer Stats
Picture Answer % Correct
Boston Blackhawks
Chicago Bruins
92%
Colorado Devils
New Jersey Avalanche
92%
Toronto Jets
Winnipeg Maple Leafs
90%
Columbus Stars
Dallas Blue Jackets
87%
Edmonton Islanders
New York Oilers
87%
Los Angeles Kraken
Seattle Kings
87%
New York Golden Knights
Vegas Rangers
87%
Pittsburgh Sharks
San Jose Penguins
87%
Montreal Canucks
Vancouver Canadiens
86%
Carolina Senators
Ottawa Hurricanes
84%
Tampa Bay Capitals
Washington Lightning
83%
Buffalo Ducks
Anaheim Sabres
82%
Detroit Blues
St. Louis Red Wings
80%
Minnesota Predators
Nashville Wild
80%
Calgary Flyers
Philadelphia Flames
78%
Utah Panthers
Florida Hockey Club
76%
No matching quizzes found
Score Distribution
Percent of People with Each Score
Percentile by Number Answered
Your Score History
You have not taken this quiz